000
00304nam a2200145Ia 4500
100
_a
Brown .Steve
942
_c
RB
654
_a
Manufacturing
245
_a
Manufacturing the Future
260
_b
Prentice Hall
_c
2000
082
_a
658.5
_b
BRO
300
_a
212
546
_a
ENGLISH
999
_c
24257
_d
24257